000 00249nam a22001217a 4500
008 181207b xxu||||| |||| 00| 0 eng d
041 _aeng
080 _a617
100 _a5
101 _aKIR
245 _aPelvic Surgery
_cAla.H
942 _2udc
_cBK
999 _c53064
_d53064